Big Data, riadenie rizika a dlžníci

Definícia Big Data cez vlastnosti dát. Definícia cez zmenu myslenia. Príklady z risk manažmentu a finančného sektora. Credit Risk Model. Skóring osôb založený na sociálnych médiách. Mapa dlžníkov fyzických osôb. Predikčná schopnosť geo dát o dlžníkoch.

Uložené v:
Podrobná bibliografia
Hlavný autor: Glasa, Filip
Ďalší autori: Šepeľová, Jaroslava, 1993-
Médium: Kapitola
Jazyk:Slovak
Predmet:
Tagy: Pridať tag
Žiadne tagy, Buďte prvý, kto otaguje tento záznam!

MARC

LEADER 00000naa$a2200000$$$4500
001 0245633
005 20240502083655.3
041 0 |a slo 
044 |a AT 
245 1 0 |a Big Data, riadenie rizika a dlžníci  |c Filip Glasa, Jaroslava Šepeľová 
520 |a Definícia Big Data cez vlastnosti dát. Definícia cez zmenu myslenia. Príklady z risk manažmentu a finančného sektora. Credit Risk Model. Skóring osôb založený na sociálnych médiách. Mapa dlžníkov fyzických osôb. Predikčná schopnosť geo dát o dlžníkoch. 
610 2 0 |a riadenie rizík 
610 2 0 |a financie 
610 2 0 |a dlžníci 
610 2 0 |a osoby fyzické 
610 2 0 |a skóring 
610 2 0 |a báza dát 
610 2 0 |a inteligencia umelá 
100 1 |a Glasa, Filip 
700 1 |a Šepeľová, Jaroslava, 1993-